000 01047cam a22002538i 4500
999 _c57867
_d57867
001 19522291
005 20221105212828.0
008 170224s2018 nyu b 001 0 eng
020 _a9780134449906 (hardcover) 1
040 _aDLC
_beng
_erda
_cDLC
041 _aeng
080 _a616.89 K-24
100 1 _aKauffman, James M.,
_e
_910585
245 1 0 _aCharacteristics of emotional and behavioral disorders of children and youth /
_cJames M. Kauffman, University of Virginia, Timothy J. Landrum, University of Louisville.
250 _aEleventh edition.
263 _a1703
264 1 _aNew York, NY :
_bPearson,
_c[2018]
300 _a446 pages;
_b24 cm.
504 _a bibliographical p. 357-403
653 _aბავშვთა და ახალგაზრდობის ემოციური და ქცევითი აშლილობების მახასიათებლები
653 _aმედიცინა
700 1 _aLandrum, Timothy J.,
_eავტორი
_910586
942 _2udc
_cBK